| 000 | 01229nam a22003377a 4500 | ||
|---|---|---|---|
| 001 | 176 | ||
| 003 | FISKH | ||
| 005 | 20230328161817.0 | ||
| 008 | 230302b cb ||||| |||| 00| 0 eng d | ||
| 010 | _a8025886 | ||
| 040 |
_aDLC _beng _cDLC _dDLC _dFISKH |
||
| 042 | _alcac | ||
| 050 | 0 | 0 |
_aPZ8.3.A123 _bBr |
| 051 |
_aPZ8.3.A123 _bBr Copy 2 _cJuv Coll |
||
| 082 | 0 | 0 |
_a811.54 _219 |
| 100 | 1 | _aAardema, Verna. | |
| 245 | 1 | 0 |
_aBringing the rain to Kapiti Plain : _ba Nandi tale / _cretold by Verna Aardema ; pictures by Beatriz Vidal. |
| 260 |
_aNew York _bPenguin _c1981 |
||
| 300 |
_a16 leaves of plates _bcol. ill. ; _c22 x 28 cm. |
||
| 505 | _aNP | ||
| 520 | _aA cumulative rhyme relating how Ki-pat brought rain to the drought-stricken Kapiti Plain. | ||
| 650 | 1 |
_aDroughts _xFiction. |
|
| 650 | 1 | _aStories in rhyme. | |
| 651 | 1 | _aAfrica | |
| 700 | 1 | _aVidal, Beatriz. | |
| 710 | 2 |
_aJuvenile Collection (Library of Congress) _5DLC |
|
| 856 | 4 | 2 |
_3Contributor biographical information _uhttp://www.loc.gov/catdir/enhancements/fy1516/80025886-b.html |
| 856 | 4 | 2 |
_3Publisher description _uhttp://www.loc.gov/catdir/enhancements/fy1516/80025886-d.html |
| 906 |
_a7 _bcbc _corignew _du _eocip _f19 _gy-gencatlg |
||
| 942 |
_2ddc _cBK _n0 |
||
| 999 |
_c176 _d176 |
||